000 00662nam a2200217 a 4500
999 _c7864
_d7864
001 7864
003 BD-JhCC
005 20180214180632.0
008 180213s2006 bg d||| |||| 001 0 ben d
035 _a(BD-JhCC) 7864
040 _aBD-JhCC
_dBD-JhCC
041 _aben
082 _a363.6
_bDAS 2006
100 _aদাস, ড. হীরেন কুমার
245 _aপরিবেশ বিদূষণ /
_c ড. হীরেন কুমার দাস
260 _aঢাকা :
_bবাংলা একাডেমী,
_c2006.
300 _a151 p. :
_c21 cm.
_bill. ;
650 _aEnvironment pollution
942 _2ddc
_cBK